| 000 | 01068nam a22002657a 4500 | ||
|---|---|---|---|
| 999 |
_c5585 _d5585 |
||
| 003 | OSt | ||
| 005 | 20251008095429.0 | ||
| 008 | 251008b ||||| |||| 00| 0 eng d | ||
| 020 | _a9781409591528 | ||
| 040 | _cKH8 | ||
| 082 | _aFIC KNI | ||
| 100 |
_aKnighton, Kate, _eauthor. |
||
| 245 |
_aSleeping Beauty / _cretold by Kate Knighton and illutsrated by Jana Costa. |
||
| 260 |
_aEngland ; _bUsborne Publishing Ltd , _c2006. |
||
| 300 |
_a48 pages : _bcolor illustrations ; _c20 cm. |
||
| 490 |
_aUsborne Young Reading _vSeries one |
||
| 520 | _aSleeping Beauty was first recorded by the French storyteller, Charles Perrault, in 1697, but there have been many different versions since. This version is based on the retelling by Jacob and Wilhelm Grimm, brothers who lived in Germany in the early 1800s. | ||
| 650 |
_aMagic _vfiction |
||
| 650 |
_aStory telling book _vfiction |
||
| 650 |
_aEasy reading _vfiction |
||
| 700 |
_aCosta, Jana, _eillustrator. |
||
| 700 |
_aKelly, Alison, _ereading consultant. |
||
| 830 | _aUsborne Young Reading | ||
| 942 |
_2ddc _cFIC |
||